|
|
|
|
| LEADER |
00000cam a2200000 a 4500 |
| 001 |
vtls008292922 |
| 003 |
SK-MaSNL |
| 005 |
20260301204410.0 |
| 008 |
240318s2004 xo dl d 000 0 slo |
| 015 |
|
|
|a SNBA2011/02-00868
|
| 020 |
|
|
|a 8089018815
|q (viaz.)
|
| 035 |
|
|
|a SVKPOKN104399
|
| 035 |
|
|
|a urn:nbn:sk:snk-amldvp
|
| 035 |
|
|
|a urn:nbn:sk:snk-am008zoj
|
| 035 |
|
|
|a 302A0F06-1CBC-4E4D-A931-4170D4E54091
|
| 040 |
|
|
|a SNK
|b slo
|c SNK
|e AACR2
|
| 041 |
0 |
|
|a slo
|
| 044 |
|
|
|a xo
|c SK
|
| 072 |
|
7 |
|a 17
|x Etika. Morálna filozofia
|2 konspekt
|
| 080 |
|
|
|a 17.02
|2 2001
|
| 080 |
|
|
|a 101
|2 2001
|
| 080 |
|
|
|a 159.9
|2 2001
|
| 080 |
|
|
|a 316.752
|2 2001
|
| 080 |
|
|
|a (048.8)
|2 2001
|
| 100 |
1 |
|
|a Tavel, Peter,
|d 1966-
|4 aut
|9 105082
|
| 245 |
1 |
0 |
|a Zmysel života podľa V. E. Frankla
|c Peter Tavel
|
| 250 |
|
|
|a [1. vyd.]
|
| 260 |
|
|
|a [Bratislava]
|b Iris
|c c2004
|
| 300 |
|
|
|a 270 s.
|b grafy, tab.
|c 21 cm
|
| 500 |
|
|
|a Miesto vyd. podľa ISBN
|
| 504 |
|
|
|a Bibliogr. s. 239-257. Pozn.
|
| 600 |
1 |
7 |
|a Frankl, Viktor E.,
|d 1905-1997
|2 SNKMA
|9 112374
|
| 650 |
0 |
7 |
|a zmysel života
|x filozofické aspekty
|2 SNKPH
|9 489257
|
| 650 |
0 |
7 |
|a zmysel života
|x psychologické aspekty
|2 SNKPH
|9 468241
|
| 650 |
0 |
7 |
|a hodnotová orientácia
|2 SNKPH
|9 1021
|
| 655 |
|
7 |
|a štúdie
|2 SNKPH
|9 57033
|
| 919 |
|
|
|a 80-89018-81-5
|
| 958 |
|
|
|a NB
|
| 968 |
|
|
|d 1
|
| 999 |
|
|
|c 906292
|d 908222
|
| 952 |
|
|
|a SNK
|b SNK
|y PREZ
|7 0
|p 17A0681740
|o snkSC 143012
|i snk2010/26640
|8 0
|0 0
|1 0
|4 0
|d 2010-12-02
|l 0
|r 2025-07-10 00:00:00
|w 2026-02-24
|
| 952 |
|
|
|a SNK
|b SNK
|y VYP
|7 0
|p 17A0681739
|o snkSC 143012 D1
|i snk2010/26642
|8 0
|0 0
|1 0
|4 0
|d 2010-12-02
|l 2
|r 2026-05-05 13:34:05
|s 2026-04-02
|w 2026-02-24
|